[Event "Xtracon Grand Master 2014"]
[Site "Asgaard Skole"]
[Date "2014.10.16"]
[Round "7.4"]
[White "Ahlander, Björn"]
[Black "Fier, Alexandr"]
[Result "0-1"]
[WhiteElo "2401"]
[BlackElo "2589"]
[PlyCount "82"]
[EventDate "2014.??.??"]
[WhiteTeam "Skakklubben Nordkalotten"]

1. e4 c5 2. Nf3 e6 3. d4 cxd4 4. Nxd4 Nc6 5. Nc3 Qc7 6. Be3 a6 7. Qf3 Nf6 8.
O-O-O Be7 9. Be2 O-O 10. Qg3 d6 11. f4 Bd7 12. Rhe1 Rac8 13. Bf3 b5 14. e5 Ne8
15. Be4 d5 16. Bd3 Nxd4 17. Bxd4 b4 18. Ne2 Bb5 19. Kb1 Bxd3 20. cxd3 Qc2+ 21.
Ka1 Qa4 22. b3 Qa5 23. Rc1 Nc7 24. Qe3 Nb5 25. Qd2 Nxd4 26. Nxd4 Qb6 27. Nf3
Rc3 28. d4 Rfc8 29. Rxc3 bxc3 30. Qc2 Ba3 31. f5 a5 32. fxe6 fxe6 33. Rf1 h6
34. Rf2 a4 35. Kb1 Qa6 36. Ne1 axb3 37. axb3 Bb2 38. Qe2 Qa1+ 39. Kc2 Qc1+ 40.
Kd3 c2 41. Qg4 Rc3+ 0-1

[Event "Xtracon Grand Master 2014"]
[Site "Asgaard Skole"]
[Date "2014.10.16"]
[Round "7.5"]
[White "Brinck-Claussen, Bjørn"]
[Black "Smith, Axel"]
[Result "0-1"]
[WhiteElo "2227"]
[BlackElo "2474"]
[PlyCount "58"]
[EventDate "2014.??.??"]
[WhiteTeam "Sjælsø Skakklub"]

1. d4 Nf6 2. c4 g6 3. Nc3 d5 4. Bg5 Ne4 5. Bh4 Nxc3 6. bxc3 dxc4 7. e3 Be6 8.
Nf3 Bg7 9. Qb1 Qd5 10. Nd2 c5 11. Be2 cxd4 12. Bf3 Qa5 13. Qxb7 O-O 14. Bxe7
dxc3 15. O-O Nd7 16. Bxf8 Rxf8 17. Ne4 Rb8 18. Qc6 Ne5 19. Qd6 Qd8 20. Qxd8+
Rxd8 21. Bd1 Nd3 22. Rb1 Nb2 23. Rc1 Bf5 24. Bf3 Nd3 25. Nxc3 Nxc1 26. Rxc1 Rd2
27. g4 Bd3 28. Bd5 Bxc3 29. Rxc3 Rd1+ 0-1

[Event "Xtracon Grand Master 2014"]
[Site "Asgaard Skole"]
[Date "2014.10.16"]
[Round "7.6"]
[White "Høi, Carsten"]
[Black "Adan Bermudez, Sergio"]
[Result "1-0"]
[WhiteElo "2395"]
[BlackElo "2357"]
[PlyCount "45"]
[EventDate "2014.??.??"]
[WhiteTeam "Brønshøj Skakforening"]
[BlackTeam "Skakklubben K41"]

1. d4 Nf6 2. c4 d6 3. Nc3 Nbd7 4. Nf3 e5 5. Bg5 Be7 6. e3 O-O 7. Be2 h6 8. Bh4
exd4 9. exd4 d5 10. O-O dxc4 11. Bxc4 Nb6 12. Bb3 Bf5 13. Ne5 Nfd5 14. Nxd5
Bxh4 15. Ne3 Be4 16. Qh5 Kh7 17. Nxf7 Qf6 18. Ng4 Qe7 19. Ngxh6 g6 20. Qg4 Rae8
21. Rae1 Bf5 22. Nxf5 Bxf2+ 23. Kxf2 1-0

[Event "Xtracon Grand Master 2014"]
[Site "Asgaard Skole"]
[Date "2014.10.16"]
[Round "7.7"]
[White "Carstensen, Jacob"]
[Black "Nielsen, Jørgen Løvgren"]
[Result "1-0"]
[WhiteElo "2357"]
[BlackElo "2111"]
[PlyCount "91"]
[EventDate "2014.??.??"]
[WhiteTeam "Brønshøj Skakforening"]
[BlackTeam "Roskilde Skakklub"]

1. d4 f5 2. c4 Nf6 3. Nc3 g6 4. Nf3 Bg7 5. h3 d6 6. Bf4 O-O 7. e3 c6 8. Bd3 Na6
9. O-O Kh8 10. Rb1 Be6 11. b4 Qd7 12. a4 Ne4 13. Ne2 Nc7 14. Qc2 a6 15. Bxe4
fxe4 16. Nd2 b5 17. Rfc1 Rfc8 18. Bh2 bxc4 19. Nxc4 Rab8 20. Rb2 Nd5 21. Rcb1
Nf6 22. Nd2 Rb7 23. Nc3 Rcb8 24. Ndxe4 Nd5 25. Na2 Bf5 26. g4 Be6 27. Qe2 Ra8
28. Nac3 Nxc3 29. Nxc3 c5 30. bxc5 Rxb2 31. Rxb2 dxc5 32. Be5 Bxe5 33. dxe5 Qc6
34. Qd3 Rf8 35. Qe4 Qd7 36. Kg2 c4 37. Kg3 g5 38. Qb7 Rd8 39. Qxd7 Rxd7 40. Rb6
Rd3 41. Rxe6 Rxc3 42. Rxe7 Ra3 43. Rc7 c3 44. e6 Kg8 45. Rc8+ Kg7 46. e7 1-0

[Event "Xtracon Grand Master 2014"]
[Site "Asgaard Skole"]
[Date "2014.10.16"]
[Round "7.8"]
[White "Grabow, Pouelsten Holm"]
[Black "Percivaldi, Martin"]
[Result "1/2-1/2"]
[WhiteElo "2124"]
[BlackElo "2324"]
[PlyCount "208"]
[EventDate "2014.??.??"]
[WhiteTeam "Skakklubben Evans"]
[BlackTeam "Hillerød Skakklub"]

1. c4 e5 2. Nc3 Nf6 3. g3 Bb4 4. Bg2 O-O 5. Qc2 Re8 6. a3 Bxc3 7. Qxc3 d5 8.
cxd5 Nxd5 9. Qc2 Nc6 10. e3 Bg4 11. f3 Bh5 12. Ne2 Bg6 13. e4 Nde7 14. O-O Nd4
15. Nxd4 Qxd4+ 16. Rf2 Nc6 17. Rb1 a5 18. b3 Qd6 19. Bb2 Re7 20. Bf1 Nd4 21.
Bxd4 Qxd4 22. b4 b6 23. Rb3 axb4 24. axb4 f6 25. Bc4+ Bf7 26. Rc3 Qd6 27. Kg2
Bxc4 28. Rxc4 Ra3 29. Rc6 Qd8 30. Rc3 Ra7 31. Rd3 Rd7 32. Qc4+ Kf8 33. Rxd7
Qxd7 34. d3 Qf7 35. Qxf7+ Kxf7 36. Rc2 Ke6 37. Kf2 Kd6 38. Ke3 Ra4 39. Rb2 Kc6
40. Rc2+ Kb7 41. Rb2 c6 42. h4 Ka6 43. Kd2 Kb5 44. Kc3 Ra3+ 45. Kd2 Ra1 46. Kc3
Rf1 47. f4 exf4 48. gxf4 Rxf4 49. h5 Rg4 50. Rf2 Rg5 51. h6 g6 52. Rxf6 Rh5 53.
e5 Rxe5 54. Rf7 Rh5 55. Rxh7 Rh4 56. Rh8 Rxb4 57. Rg8 Rh4 58. Rxg6 c5 59. Rd6
Rh3 60. Re6 Ka5 61. Rc6 Kb5 62. Re6 Rh4 63. Rf6 Rh5 64. Rd6 Rh3 65. Rf6 Ka5 66.
Rc6 Rh5 67. Re6 Rh4 68. Rc6 Rh3 69. Kc4 Rh4+ 70. Kc3 Ka6 71. Re6 Ka7 72. Rd6
Kb7 73. d4 cxd4+ 74. Rxd4 Rxh6 75. Kb4 Ka6 76. Rg4 Rh1 77. Kb3 Rb1+ 78. Ka2 Rb5
79. Ka3 Rf5 80. Ka4 Rf1 81. Kb4 Rb1+ 82. Ka4 b5+ 83. Ka3 Rf1 84. Kb4 Rb1+ 85.
Ka3 Ra1+ 86. Kb3 Ka5 87. Rh4 Rb1+ 88. Ka2 Rg1 89. Kb3 Rg3+ 90. Kb2 Re3 91. Rg4
Re5 92. Kb3 Re3+ 93. Kb2 Rd3 94. Rh4 Kb6 95. Rh5 Ka5 96. Rh4 b4 97. Rh2 Ka4 98.
Rg2 Rb3+ 99. Ka2 Rd3 100. Kb2 Rh3 101. Rf2 Rh4 102. Rg2 Kb5 103. Rf2 Kc4 104.
Rc2+ Kb5 1/2-1/2

[Event "Xtracon Grand Master 2014"]
[Site "Asgaard Skole"]
[Date "2014.10.16"]
[Round "7.9"]
[White "Bekker-Jensen, David"]
[Black "Christensen, Casper"]
[Result "1-0"]
[WhiteElo "2289"]
[BlackElo "1988"]
[PlyCount "85"]
[EventDate "2014.??.??"]
[WhiteTeam "Philidor"]
[BlackTeam "BMS Skak"]

1. e4 d6 2. d4 g6 3. Nf3 Bg7 4. Be2 Nf6 5. Nc3 O-O 6. O-O e5 7. dxe5 dxe5 8.
Qxd8 Rxd8 9. Bc4 Re8 10. Rd1 Bg4 11. Rd3 h6 12. h3 Be6 13. Nxe5 Bxc4 14. Nxc4
Nxe4 15. Nxe4 Rxe4 16. Rd8+ Kh7 17. Ne3 a5 18. c3 Re6 19. Rc8 c5 20. Rxc5 Nc6
21. Rb5 Re7 22. Bd2 Rd8 23. Nf1 Red7 24. Be3 Re8 25. a4 f5 26. Nh2 Re5 27. Nf3
Red5 28. Kf1 g5 29. g3 Ne5 30. Nxe5 Bxe5 31. Ke2 f4 32. gxf4 gxf4 33. Rxd5 Rxd5
34. Bb6 Bf6 35. Bc7 Bg5 36. Ra3 Rc5 37. Bb6 Re5+ 38. Kf3 Kg6 39. Rb3 Rd5 40.
Bd4 Rd7 41. Rb5 Kh5 42. Rxa5 Rf7 43. Ra7 1-0

[Event "Xtracon Grand Master 2014"]
[Site "Asgaard Skole"]
[Date "2014.10.16"]
[Round "7.10"]
[White "Akdag, Dara Sevkan"]
[Black "Bojesen, Villads Ussing"]
[Result "1/2-1/2"]
[WhiteElo "2193"]
[BlackElo "1838"]
[PlyCount "90"]
[EventDate "2014.??.??"]
[WhiteTeam "BMS Skak"]
[BlackTeam "Skakforeningen ØBRO"]

1. Nf3 Nf6 2. c4 e6 3. d4 Bb4+ 4. Nbd2 d6 5. g3 Nc6 6. Bg2 e5 7. d5 Bxd2+ 8.
Bxd2 Ne7 9. O-O Ng6 10. Ne1 Bf5 11. f3 h5 12. e4 Bd7 13. Nd3 h4 14. Qe2 hxg3
15. hxg3 Nh5 16. Qf2 f5 17. f4 Nf6 18. fxe5 Ng4 19. Qe2 N6xe5 20. exf5 O-O 21.
Nxe5 Nxe5 22. Be4 Qe7 23. Bc2 Qf7 24. Rf4 Rae8 25. Raf1 Ng6 26. Re4 Rxe4 27.
Qxe4 Ne7 28. f6 gxf6 29. Rxf6 Qg7 30. Rxf8+ Kxf8 31. Qf3+ Kg8 32. Bc3 Qh6 33.
Kf2 Qh2+ 34. Qg2 Qh6 35. Be4 Bh3 36. Qf3 Qc1 37. Bh7+ Kxh7 38. Qf7+ Kh6 39.
Bg7+ Kg5 40. Qf6+ Kh5 41. Qh4+ Kg6 42. Qxh3 Kxg7 43. Qg4+ Kf8 44. Qf3+ Ke8 45.
Qh5+ Kd8 1/2-1/2

[Event "Xtracon Grand Master 2014"]
[Site "Asgaard Skole"]
[Date "2014.10.16"]
[Round "7.11"]
[White "Schmidt, Horst Hubert"]
[Black "Sørensen, Dick"]
[Result "0-1"]
[WhiteElo "1764"]
[BlackElo "1982"]
[PlyCount "44"]
[EventDate "2014.??.??"]
[WhiteTeam "Brønshøj Skakforening"]
[BlackTeam "Frederiksberg Skakforening"]

1. d4 d5 2. c4 e6 3. Nc3 f5 4. cxd5 exd5 5. e3 Nf6 6. Bd3 c6 7. Nf3 Bd6 8. Bd2
O-O 9. Qc2 Ne4 10. Qb3 Kh8 11. Ne2 Nd7 12. Bb4 c5 13. dxc5 Ndxc5 14. Bxc5 Nxc5
15. Qxd5 Nxd3+ 16. Kf1 Nxf2 17. Qb3 Nxh1 18. Rd1 Qf6 19. Nfd4 Bxh2 20. Nf3 Ng3+
21. Nxg3 Bxg3 22. Qb4 b6 0-1

[Event "Xtracon Grand Master 2014"]
[Site "Asgaard Skole"]
[Date "2014.10.16"]
[Round "7.12"]
[White "Andersen, Morten"]
[Black "Pedersen, Henrik Dahl"]
[Result "1-0"]
[WhiteElo "2115"]
[BlackElo "2175"]
[PlyCount "83"]
[EventDate "2014.??.??"]
[WhiteTeam "Skakforeningen Odysseus"]
[BlackTeam "Køge Skakklub"]

1. c4 Nf6 2. g3 g6 3. Nc3 Bg7 4. Bg2 O-O 5. e4 d6 6. Nge2 c5 7. d3 Nc6 8. O-O
Bd7 9. h3 Qb6 10. Rb1 Qa6 11. Be3 Rab8 12. Qd2 Rfe8 13. a3 b6 14. Kh2 Qc8 15.
b3 a6 16. d4 cxd4 17. Nxd4 b5 18. cxb5 axb5 19. Ncxb5 Ne5 20. Rfc1 Qb7 21. Rc7
Qb6 22. a4 Rb7 23. Rbc1 Rxc7 24. Nxc7 Rb8 25. Nc6 Qxc6 26. Rxc6 Nxc6 27. Nb5
Ne8 28. f4 Nd8 29. Ba7 Rc8 30. Bd4 Bh6 31. Qd3 Ne6 32. Be3 Bg7 33. e5 Bxb5 34.
Qxb5 g5 35. a5 gxf4 36. gxf4 N8c7 37. Qb7 Rf8 38. exd6 exd6 39. a6 d5 40. Bxd5
Nxd5 41. Qxd5 Rd8 42. Qxd8+ 1-0

[Event "Xtracon Grand Master 2014"]
[Site "Asgaard Skole"]
[Date "2014.10.16"]
[Round "7.13"]
[White "Henriksen, Kasper"]
[Black "Pedersen, Hans Dahl"]
[Result "1-0"]
[WhiteElo "2055"]
[BlackElo "2171"]
[PlyCount "105"]
[EventDate "2014.??.??"]
[WhiteTeam "Køge Skakklub"]
[BlackTeam "Køge Skakklub"]

1. d4 d5 2. c4 c6 3. Nf3 Nf6 4. Nc3 a6 5. c5 Nbd7 6. Bf4 Nh5 7. Qd2 Nxf4 8.
Qxf4 g6 9. e4 dxe4 10. Bc4 e6 11. Nxe4 Be7 12. Nd6+ Bxd6 13. Qxd6 Qe7 14. Qxe7+
Kxe7 15. Kd2 Rd8 16. Kc3 Nf6 17. Rhe1 Nd5+ 18. Bxd5 cxd5 19. b4 Bd7 20. a4 Rdc8
21. Kb3 Rab8 22. Rac1 f6 23. Nd2 b5 24. cxb6 Rxb6 25. Rxc8 Bxc8 26. Rc1 Kd8 27.
f4 Bb7 28. Ka3 Kd7 29. Rc5 Kd6 30. Nf3 Bc6 31. g4 h6 32. h4 Rb8 33. g5 hxg5 34.
hxg5 Rf8 35. b5 axb5 36. axb5 Bb7 37. Rc3 e5 38. fxe5+ fxe5 39. Nxe5 Rf4 40.
Nf3 Rf8 41. Kb4 Ra8 42. Ne5 Ke6 43. Rc7 Bc8 44. Nxg6 Bd7 45. Ne5 Be8 46. b6
Ra4+ 47. Kb3 Ra6 48. b7 Rb6+ 49. Kc3 Ba4 50. g6 Kd6 51. Rf7 Rb3+ 52. Kd2 Bc6
53. Rf6+ 1-0

[Event "Xtracon Grand Master 2014"]
[Site "Asgaard Skole"]
[Date "2014.10.16"]
[Round "7.14"]
[White "Stojanovski, Sandi"]
[Black "Hansen, Lars-Henrik Bech"]
[Result "1/2-1/2"]
[WhiteElo "2167"]
[BlackElo "2001"]
[PlyCount "61"]
[EventDate "2014.??.??"]
[WhiteTeam "Skakklubben K41"]
[BlackTeam "BMS Skak"]

1. Nf3 Nf6 2. b3 g6 3. Bb2 Bg7 4. e3 O-O 5. Be2 b6 6. c4 Bb7 7. O-O c5 8. d3 d6
9. Qc2 Nbd7 10. Nbd2 e5 11. a3 Nh5 12. Ne4 Qe7 13. Nc3 f5 14. Nd5 Qd8 15. Nd2
Ndf6 16. Nxf6+ Nxf6 17. d4 Qe7 18. Bf3 Bxf3 19. Nxf3 Ne4 20. dxe5 dxe5 21. Rad1
Rad8 22. Rxd8 Rxd8 23. Rd1 Rd6 24. Kf1 Qd7 25. Rxd6 Qxd6 26. Ke2 a5 27. Ne1 Ng5
28. Qd2 Qxd2+ 29. Kxd2 e4 30. Bc3 Nf7 31. Bxg7 1/2-1/2

[Event "Xtracon Grand Master 2014"]
[Site "Asgaard Skole"]
[Date "2014.10.16"]
[Round "7.15"]
[White "Karlsson, Ulf"]
[Black "Madsen, Michael Ole"]
[Result "0-1"]
[WhiteElo "2009"]
[BlackElo "2071"]
[PlyCount "84"]
[EventDate "2014.??.??"]
[BlackTeam "Allerød Skakklub"]

1. e4 c6 2. d4 d5 3. Nc3 dxe4 4. Nxe4 Bf5 5. Ng3 Bg6 6. Nf3 Nd7 7. h4 h6 8. h5
Bh7 9. Bd3 Bxd3 10. Qxd3 e6 11. Bf4 Qa5+ 12. Nd2 Ngf6 13. c4 Be7 14. Qe2 O-O
15. O-O Rfe8 16. Rfd1 c5 17. a3 cxd4 18. b4 Qa4 19. Nf3 e5 20. Bd2 Bf8 21. Nf5
Qc2 22. N3h4 d3 23. Qe3 Qxc4 24. Rac1 Qd5 25. g4 Kh7 26. Qh3 Rac8 27. g5 Nxh5
28. gxh6 g6 29. Ng7 Bxg7 30. hxg7 Kxg7 31. Nf5+ Kh7 32. Rxc8 Rxc8 33. Ne7 Qb3
34. Re1 Rc2 35. Qxd7 Rxd2 36. Nd5 Kg7 37. Qd6 Re2 38. Rf1 d2 39. Ne3 Rxe3 40.
fxe3 Qxe3+ 41. Rf2 Nf4 42. Qxd2 Nh3+ 0-1

[Event "Xtracon Grand Master 2014"]
[Site "Asgaard Skole"]
[Date "2014.10.16"]
[Round "7.16"]
[White "Nielsen, Viktor Haarmark"]
[Black "Andersen, Daniel"]
[Result "1-0"]
[WhiteElo "2052"]
[BlackElo "1957"]
[PlyCount "67"]
[EventDate "2014.??.??"]
[WhiteTeam "Skakforeningen ØBRO"]
[BlackTeam "Frederikssund Skakklub"]

1. e4 e6 2. d4 d5 3. Nc3 Bb4 4. exd5 Bxc3+ 5. bxc3 exd5 6. Bd3 Ne7 7. Qf3 b6 8.
Nh3 Ba6 9. Ng5 f6 10. Ne6 Qd7 11. Nxg7+ Kf7 12. Nf5 Bxd3 13. Nh6+ Kg7 14. cxd3
Nbc6 15. O-O Rhe8 16. Ng4 Ng8 17. Bf4 Re6 18. Ne3 Nce7 19. h4 c6 20. a4 Re8 21.
a5 b5 22. Rfe1 Ng6 23. Bg3 Kh8 24. h5 N6e7 25. Bh4 Nc8 26. Ra2 Nd6 27. Rae2 Qe7
28. Qf4 Qf7 29. Qf3 Qe7 30. Bg3 Nh6 31. Qf4 Nhf7 32. Kf1 Ng5 33. Bh4 Qd8 34.
Ng4 1-0

[Event "Xtracon Grand Master 2014"]
[Site "Asgaard Skole"]
[Date "2014.10.16"]
[Round "7.17"]
[White "Anghel, Mihai Ursta"]
[Black "Jacobsen, Mikkel Manosri"]
[Result "1-0"]
[WhiteElo "1835"]
[BlackElo "1944"]
[PlyCount "51"]
[EventDate "2014.??.??"]
[WhiteTeam "Haslev Skakklub"]
[BlackTeam "BMS Skak"]

1. e4 c6 2. d4 d5 3. Nc3 dxe4 4. f3 e5 5. Be3 exd4 6. Bxd4 Nf6 7. Bc4 Bb4 8.
fxe4 O-O 9. Nf3 b5 10. Bd3 c5 11. Bxf6 Qxf6 12. e5 Qb6 13. Ng5 g6 14. Qf3 Nc6
15. Qg3 Bb7 16. e6 Ne5 17. O-O-O Bxc3 18. bxc3 Nxd3+ 19. Rxd3 Bc8 20. exf7+
Rxf7 21. Nxf7 Kxf7 22. Rd6 Qb7 23. Re1 Bf5 24. Qg5 Kg8 25. Re7 Qb8 26. Qh6 1-0

[Event "Xtracon Grand Master 2014"]
[Site "Asgaard Skole"]
[Date "2014.10.16"]
[Round "7.18"]
[White "Nielsen, John Holm"]
[Black "Møller, Arne Vagn"]
[Result "0-1"]
[WhiteElo "2022"]
[BlackElo "1871"]
[PlyCount "64"]
[EventDate "2014.??.??"]
[WhiteTeam "Enkeltmedlem 1 HK"]
[BlackTeam "Amager Skakforening"]

1. Nc3 c5 2. Nf3 d6 3. d4 cxd4 4. Nxd4 a6 5. g3 Nf6 6. Bg2 e6 7. O-O Be7 8. Re1
O-O 9. e4 Qc7 10. a4 Nc6 11. Nxc6 bxc6 12. a5 Bb7 13. Be3 c5 14. Bf4 e5 15. Bd2
Bc6 16. Na4 Nd7 17. b3 Qb7 18. Qe2 f5 19. f4 fxe4 20. Bxe4 d5 21. Bg2 e4 22. c4
Qxb3 23. Reb1 Qxc4 24. Qxc4 dxc4 25. Nc3 Bf6 26. Ra2 Bd4+ 27. Kh1 Rae8 28. Be1
Ba8 29. Re2 Rf6 30. Nxe4 Rfe6 31. Nf6+ gxf6 32. Rxe6 Bxg2+ 0-1

[Event "Xtracon Grand Master 2014"]
[Site "Asgaard Skole"]
[Date "2014.10.16"]
[Round "7.19"]
[White "Stuhr, Peter Sebastian"]
[Black "Singh, Karamtej"]
[Result "1-0"]
[WhiteElo "1927"]
[BlackElo "1827"]
[PlyCount "53"]
[EventDate "2014.??.??"]
[WhiteTeam "Køge Skakklub"]
[BlackTeam "Skakklubben K41"]

1. e4 c5 2. Nc3 a6 3. a4 e6 4. Bc4 Nc6 5. d3 d6 6. f4 Be7 7. Nf3 Nf6 8. O-O d5
9. exd5 exd5 10. Ba2 O-O 11. Kh1 Be6 12. Qe1 h6 13. Nd1 Nb4 14. Bb1 d4 15. Nf2
Bd5 16. Ne4 Nxe4 17. dxe4 Bc4 18. Rf2 Bf6 19. Nd2 Be6 20. e5 Bh4 21. g3 Bd5+
22. Kg1 Be7 23. Ne4 f5 24. exf6 Bxf6 25. Nxc5 Qb6 26. Nd7 Rae8 27. Qxe8 1-0

[Event "Xtracon Grand Master 2014"]
[Site "Asgaard Skole"]
[Date "2014.10.16"]
[Round "7.20"]
[White "Undheim, Bjarne"]
[Black "Larsen, Preben R"]
[Result "1-0"]
[WhiteElo "1912"]
[BlackElo "1800"]
[PlyCount "67"]
[EventDate "2014.??.??"]
[BlackTeam "Roskilde Skakklub"]

1. e4 e5 2. Nf3 Nc6 3. d4 exd4 4. Bc4 Bc5 5. c3 Nf6 6. e5 d5 7. Bb5 Ne4 8. cxd4
Bb4+ 9. Nbd2 Bd7 10. Bxc6 Bxc6 11. O-O Bb5 12. Re1 Qd7 13. Re3 Bxd2 14. Nxd2
Nxd2 15. Bxd2 O-O-O 16. a4 Ba6 17. Ba5 Kb8 18. Rc1 Rc8 19. Rec3 c6 20. Bb4 Rhe8
21. Bd6+ Ka8 22. b4 Bc4 23. Qh5 g6 24. Qxh7 Qg4 25. Qxf7 Qxd4 26. e6 Rg8 27.
Re3 Rg7 28. Qf3 Re8 29. Be5 Qd2 30. Rd1 Qc2 31. Bxg7 Be2 32. Qxe2 Qxa4 33. Rb1
c5 34. bxc5 1-0

[Event "Xtracon Grand Master 2014"]
[Site "Asgaard Skole"]
[Date "2014.10.16"]
[Round "7.21"]
[White "Nielsen, Jens Holm"]
[Black "Kokholm, Daniel"]
[Result "1/2-1/2"]
[WhiteElo "1811"]
[BlackElo "1899"]
[PlyCount "26"]
[EventDate "2014.??.??"]
[WhiteTeam "Amager Skakforening"]
[BlackTeam "Skakklubben K41"]

1. f4 d5 2. Nf3 g6 3. e3 Bg7 4. Be2 Nf6 5. O-O c5 6. d3 Nc6 7. c3 O-O 8. Nbd2
Qc7 9. d4 cxd4 10. Nxd4 Nxd4 11. exd4 b6 12. g3 Re8 13. Re1 e6 1/2-1/2

[Event "Xtracon Grand Master 2014"]
[Site "Asgaard Skole"]
[Date "2014.10.16"]
[Round "7.22"]
[White "Jørgensen, Alexander Torp"]
[Black "Tolba, Henri"]
[Result "1/2-1/2"]
[WhiteElo "1882"]
[BlackElo "1698"]
[PlyCount "70"]
[EventDate "2014.??.??"]
[WhiteTeam "Næstved Skakklub"]
[BlackTeam "Hvidovre Skakklub"]

1. d4 Nf6 2. c4 e6 3. g3 Bb4+ 4. Bd2 Be7 5. Bg2 c6 6. Nc3 d5 7. Nf3 dxc4 8. O-O
Nbd7 9. a4 a5 10. e4 Nb6 11. Be3 Bb4 12. Ne5 Bd6 13. f4 h5 14. h3 g6 15. Qe2
Bd7 16. Nxd7 Nfxd7 17. e5 Bf8 18. Bd2 Qc7 19. Kh1 Be7 20. Rfd1 Bb4 21. Ne4 Be7
22. Be1 Nd5 23. Nc3 N7b6 24. Bf2 Nb4 25. Ne4 Nd3 26. Bg1 Nd5 27. Nc3 h4 28.
Bxd5 cxd5 29. Nb5 Qc6 30. Kg2 hxg3 31. Kxg3 Rxh3+ 32. Kg4 Rh4+ 33. Kg3 Rh3+ 34.
Kg4 Rh4+ 35. Kg3 Rh3+ 1/2-1/2

[Event "Xtracon Grand Master 2014"]
[Site "Asgaard Skole"]
[Date "2014.10.16"]
[Round "7.23"]
[White "Wang, Peter"]
[Black "Petersen, Rasmus"]
[Result "1/2-1/2"]
[WhiteElo "1877"]
[BlackElo "1627"]
[PlyCount "123"]
[EventDate "2014.??.??"]
[WhiteTeam "Næstved Skakklub"]
[BlackTeam "Helsinge Skakklub"]

1. e4 d5 2. exd5 Qxd5 3. Nc3 Qa5 4. d4 Nf6 5. Nf3 c6 6. Bd2 Bf5 7. Be2 e6 8.
O-O Nbd7 9. Re1 Be7 10. Bf1 O-O 11. Ne4 Qc7 12. Ng3 Bg6 13. Nh4 Rfd8 14. Nxg6
hxg6 15. Ne4 Nxe4 16. Rxe4 Nf6 17. Rh4 Rd5 18. c4 Rh5 19. Rxh5 Nxh5 20. Qf3 Rd8
21. Bc3 Nf6 22. g3 Ne8 23. Bg2 Bf6 24. d5 exd5 25. cxd5 cxd5 26. Rd1 Bxc3 27.
Qxc3 Qxc3 28. bxc3 b6 29. Bxd5 Kf8 30. Kg2 Nc7 31. Bb3 Rxd1 32. Bxd1 Ke7 33.
Kf3 f5 34. Ke3 Nb5 35. Kd3 Kd6 36. h4 Kc5 37. Bb3 Nd6 38. f3 f4 39. g4 b5 40.
Bg8 a5 41. Bh7 g5 42. hxg5 Kd5 43. Bg8+ Ke5 44. c4 bxc4+ 45. Bxc4 Nc8 46. Kc3
Nb6 47. Bb3 Nd5+ 48. Kc4 Ne3+ 49. Kb5 Kd4 50. Kxa5 Kc5 51. Ka4 Nc4 52. Bxc4
Kxc4 53. g6 Kd3 54. Kb4 Ke3 55. a4 Kxf3 56. a5 Kxg4 57. a6 f3 58. a7 f2 59.
a8=Q f1=Q 60. Qg8 Qf6 61. Qf7 Qg5 62. Kc4 1/2-1/2

[Event "Xtracon Grand Master 2014"]
[Site "Asgaard Skole"]
[Date "2014.10.16"]
[Round "7.24"]
[White "Hansen, Verner"]
[Black "Severinsen, Frank"]
[Result "1-0"]
[WhiteElo "1870"]
[BlackElo "1792"]
[PlyCount "115"]
[EventDate "2014.??.??"]
[WhiteTeam "Espergærde Skakklub"]
[BlackTeam "Skakklubben K41"]

1. e4 Nc6 2. d4 d5 3. e5 Bf5 4. Nf3 e6 5. Bd3 Bg4 6. Be3 Nge7 7. h3 Bh5 8. Nbd2
Nb4 9. Bb5+ c6 10. Be2 Nf5 11. Bf4 Nh4 12. O-O h6 13. c3 g5 14. Be3 Na6 15.
Nxh4 Bxe2 16. Qxe2 gxh4 17. Qg4 Qe7 18. Nf3 O-O-O 19. Nxh4 Rh7 20. f4 Rg7 21.
Qh5 f5 22. exf6 Qxf6 23. f5 Be7 24. Ng6 Bd6 25. Ne5 Bxe5 26. dxe5 Qxe5 27. Bd4
Rxg2+ 28. Kxg2 Rg8+ 29. Kh1 Qe4+ 30. Qf3 Qh4 31. Rg1 Rf8 32. Qg4 Qe7 33. fxe6
Nc7 34. Rae1 b6 35. Qg7 Qe8 36. Qg4 Kb7 37. Qe2 Rf4 38. Rg4 Rf5 39. e7 Qf7 40.
Rg7 Qe8 41. Qg4 Rg5 42. Rxg5 hxg5 43. Qxg5 Qf7 44. e8=Q Qf3+ 45. Qg2 Qxg2+ 46.
Kxg2 Nxe8 47. Rxe8 Kc7 48. h4 Kd7 49. Re2 c5 50. Bf2 Kc6 51. h5 d4 52. cxd4 c4
53. h6 Kb5 54. h7 a5 55. h8=Q Ka4 56. Qe8+ b5 57. Re5 c3 58. Qxb5# 1-0

[Event "Xtracon Grand Master 2014"]
[Site "Asgaard Skole"]
[Date "2014.10.16"]
[Round "7.25"]
[White "Nielsen, Kai Gylling"]
[Black "Larsen, Arne Walther"]
[Result "1/2-1/2"]
[WhiteElo "1846"]
[BlackElo "1894"]
[PlyCount "117"]
[EventDate "2014.??.??"]
[WhiteTeam "Roskilde Skakklub"]
[BlackTeam "Hvidovre Skakklub"]

1. d4 Nf6 2. Nf3 g6 3. c4 c5 4. d5 b5 5. cxb5 a6 6. bxa6 Bxa6 7. Nc3 d6 8. g3
Bg7 9. Bg2 O-O 10. O-O Nbd7 11. Re1 Qc7 12. e4 Rfb8 13. Qc2 Ng4 14. h3 Nge5 15.
Nxe5 Nxe5 16. f4 Nd3 17. Re3 Bd4 18. b3 Nxc1 19. Qxc1 Bxe3+ 20. Qxe3 c4 21. Rb1
Qb6 22. Qxb6 Rxb6 23. b4 Bb5 24. Bf1 Ra3 25. Nxb5 Rxb5 26. Bxc4 Rb6 27. Bb3
Rxb4 28. e5 Ra5 29. Re1 Kf8 30. Kf2 Rc5 31. Kf3 Rc3+ 32. Kg2 Rd4 33. exd6 exd6
34. Rg1 Rd2+ 35. Kh1 Rxb3 36. axb3 Rxd5 37. Kh2 Ke7 38. h4 Rb5 39. Rb1 d5 40.
Kg2 Kd6 41. b4 d4 42. Kf3 Kd5 43. g4 f5 44. g5 Rb6 45. b5 Kc4 46. Rc1+ Kxb5 47.
Ke2 Re6+ 48. Kd3 Re4 49. Rc7 Rxf4 50. Rxh7 Kc5 51. Rc7+ Kd6 52. Rh7 Rg4 53. Rg7
Rxh4 54. Rxg6+ Ke5 55. Rg8 Rh3+ 56. Kd2 f4 57. g6 Kf6 58. Rf8+ Kxg6 59. Rxf4
1/2-1/2

[Event "Xtracon Grand Master 2014"]
[Site "Asgaard Skole"]
[Date "2014.10.16"]
[Round "7.26"]
[White "Hein, Jacob"]
[Black "Nielsen, Bjørn"]
[Result "1-0"]
[WhiteElo "1445"]
[BlackElo "1398"]
[PlyCount "51"]
[EventDate "2014.??.??"]
[WhiteTeam "Espergærde Skakklub"]
[BlackTeam "Nørrebro Skakklub"]

1. c4 d6 2. d4 e6 3. Nf3 Be7 4. Nc3 Bf6 5. e4 Nc6 6. Be3 e5 7. d5 Nb8 8. h3 Be7
9. Bd3 Nf6 10. Qd2 Nbd7 11. b4 b6 12. Rc1 O-O 13. O-O Nh5 14. g3 g6 15. Ng5
Nhf6 16. Be2 Kg7 17. Nb5 Rh8 18. c5 bxc5 19. bxc5 Ba6 20. cxd6 cxd6 21. Nc7 Nf8
22. Bxa6 h6 23. Nxa8 Qxa8 24. Rc8 N8d7 25. Rxa8 Rxa8 26. Nxf7 1-0

[Event "Xtracon Grand Master 2014"]
[Site "Asgaard Skole"]
[Date "2014.10.17"]
[Round "8.26"]
[White "Larsen, Arne Walther"]
[Black "Severinsen, Frank"]
[Result "0-1"]
[WhiteElo "1894"]
[BlackElo "1792"]
[PlyCount "42"]
[EventDate "2014.??.??"]
[WhiteTeam "Hvidovre Skakklub"]
[BlackTeam "Skakklubben K41"]

1. Nf3 d5 2. g3 Nc6 3. Bg2 e5 4. d3 f5 5. a3 Nf6 6. Bg5 Bd6 7. O-O h6 8. Bxf6
Qxf6 9. Nbd2 f4 10. c4 fxg3 11. fxg3 Bc5+ 12. Kh1 Bg4 13. cxd5 Ne7 14. Ne4 Qb6
15. Nxe5 h5 16. Qa4+ c6 17. Nxg4 hxg4 18. Nxc5 Qxc5 19. Qxg4 Nxd5 20. Qe6+ Ne7
21. Rf5 Qxf5 0-1

﻿

[Event "Xtracon Grand Master 2014"]
[Site "Koge"]
[Date "2014.10.18"]
[Round "9.1"]
[White "Rozentalis, Eduardas"]
[Black "Krasenkow, Michal"]
[Result "1/2-1/2"]
[WhiteElo "2600"]
[BlackElo "2631"]
[PlyCount "33"]
[EventDate "2014.??.??"]
[WhiteClock "1:13:23"]
[BlackClock "1:10:44"]

1. e4 c5 2. Nf3 e6 3. c3 d5 4. exd5 Qxd5 5. d4 Nf6 6. Bd3 Be7 7. O-O O-O 8. Qe2
Nc6 9. dxc5 Qxc5 10. Nbd2 Rd8 11. Ne4 Nxe4 12. Bxe4 Bd7 13. Bf4 Be8 14. Rad1
Qh5 15. h3 Rxd1 16. Rxd1 Rd8 17. Rxd8 1/2-1/2